000 005420000a22002050004500
001 768714
003 CO-MdBIC
005 20220422180333.0
008 220422b ||||| |||| 00| 0 eng d
020 _a1-55513-944-2
040 _bspa.
_cCO-MdBIC
041 _aeng
082 0 4 _a22
_2818HC
_bIv35h
100 1 _aMutchnick, Brenda G.
245 1 0 _aNoah /
_c Brenda G. Mutchnick, ilustrador Bill Haines
260 _aU.S.A. : Chariot Books
300 _a32 páginas;
_bilustrado:
_c16 cm.
650 1 4 _aLiteratura Infantil
942 _cLGB
999 _c48046
_d48046